00600nam a2200193Ia 4500008004100000020001400041082001400055100002400069245003900093250000700132260004500139300002900184500001900213600002000232650001500252942000700267952011700274999001500391240925s9999 xx 000 0 und d a132496321 a681.2 CAR aCarstens ,James R. 0aElectrical Sensors and Transducers aNA aNew Jersey:bPrintice- Hall Int.c,1999. axxiii,802p.bNAfPirated aIncludes Index aSocial Sciences aManagement cBK 001040708MANaUITUbUITUd2002-11-13eF.B.Cg425.00l0o681.2 CARpQ4742r2024-09-25 07:13:37w2024-09-25yBK c7241d7241